00704nam a2200157Ia 4500008004100000100002200041245011300063245012900176260005300305260000900358300001100367650001500378856006100393999001900454952007300473170221s9999 xx 000 0 und d aVasiliy S. Kireev aMarketing Management as the Realization Process of Research, Production and Sale Activity of the Enterprise  cVasiliy S. Kireev, Marina L. Nekrasova, Ekaterina V. Shevchenko, Irina E. Alpatskaya, Sergey A. Makushkin, Elena V. Povorina bInternational Review of Management and Marketing c2016 a6 : 6S xMarketing. uhttp://www.econjournals.com/index.php/irmm/issue/view/86 c308362d308362 001040aCLbCLd2017-02-21l0r2017-02-21 00:00:00w2017-02-21yFOJ